Mi cuarto - Jerry di - Estadísticas

Estadísticas generales
  • Esta prueba ha sido intentada 2 veces
  • La puntuación promedio es 91 de 297
Estadísticas de respuestas
Letra % Correcto
a
100%
A
100%
I
100%
L
100%
'm
100%
o
100%
Y
100%
y
100%
beso
50%
comiendote
50%
Como
50%
cuarto
50%
en
50%
En
50%
es
50%
eso
50%
Imaginate
50%
la
50%
lo
50%
Lo
50%
los
50%
me
50%
mi
50%
No
50%
no
50%
porque
50%
que
50%
Que
50%
quiere
50%
rico
50%
ser
50%
seria
50%
Si
50%
si
50%
tiempo
50%
tu
50%
Tu
50%
viejo
50%
yo
50%
Yo
50%
amor
0%
arreglamo
0%
Ay
0%
Baby
0%
baby
0%
Bailando
0%
bonita
0%
bonito
0%
bueno
0%
cabron
0%
cama
0%
comeria
0%
con
0%
conocemo
0%
contigo
0%
corriendo
0%
de
0%
Desde
0%
despue
0%
digo
0%
Donde
0%
doy
0%
duro
0%
eh
0%
El
0%
el
0%
esta
0%
estamo
0%
existe
0%
felice
0%
fiel
0%
fin
0%
gana
0%
grabamo
0%
hacemo
0%
Hacemo
0%
Hacemos
0%
hagamo
0%
Hagamo
0%
hasta
0%
hay
0%
Jerry
0%
mas
0%
Milano
0%
Mira
0%
Mmm
0%
moda
0%
mundo
0%
nadie
0%
nos
0%
Nueva
0%
oh
0%
Pa
0%
pa
0%
Para
0%
party
0%
pasa
0%
pasamo
0%
paso
0%
pecamo
0%
peleamo
0%
Pero
0%
piel
0%
piense
0%
posteamo
0%
queda
0%
quedo
0%
quiera
0%
semana
0%
shorty
0%
siempre
0%
sorry
0%
Supongamo
0%
tanning
0%
TBT
0%
te
0%
to
0%
toda
0%
todo
0%
toque
0%
tre
0%
un
0%
vamo
0%
Vaticano
0%
vea
0%
verda
0%
York
0%
No se encontraron pruebas coincidentes
Distribución de puntuación
Porcentaje de gente con cada puntuación
Porcentaje por número respondido
Historial de tus puntuaciones
No has intentado esta prueba.